01592nam a2200349Ia 450000500170000000800410001702000180005810000280007624500620010425000380016630000640020449000450026852001470031352100550046053400150051565000480053065000490057865000470062765000350067465000290070970000360073894200150077426400500078933600270083933700330086633800280089904000350092708400110096299900150097395201290098895201250111720220316235954.0141031s2013 mx a g 000 j spa  a97896816397161 aBrowne, Anthony d1946-13aEl túnel cAnthony Browne ; traducido por Carmen Esteva a1a. ediciónb12a. reimpresión a[26] páginas sin enumerar bilustraciones en colorc20 cm aLos especiales de a la orilla del viento aRelato que aborda relaciones de conflicto entre hermanos que con personalidades tan diferentes pueden llegar al final resolver sus diferencias aRecomendado para niños a partir de 3 a 5 años  tThe Tunnel142LEMBaCuentos infantiles inglesesySiglo XX142LEMBaLiteratura infantil inglesa ySiglo XX142LEMBaHermanos y hermanas en la literatura142LEMBaFamilia en la literatura142LEMBaJuegos infantiles 1 aEsteva, Carmenetraductor94749 2loccBKINF aMéxico bFondo de Cultura Económicac2013 atextobtxt2rdacontent asin mediaciónbn2rdamedia avolumenbnc2rdacarrier aCO-BoRNBPbspaerdacCO-BoRNBP aC BRO1 c2787d2787 00102ddc40708INFaMEMACAREbMEMACAREcSInfd2025-06-24l0oC BRO1pLM02249r2025-06-24 17:10:52tEj.1w2025-06-24yBKINF 00102ddc4070aMESARAMAbMESARAMAcSInfd2026-03-06l0oC BRO1pSJA01282r2026-03-06 13:41:47tEj.1w2026-03-06yBKINF